| 000 | 00397nam a2200169Ia 4500 | ||
|---|---|---|---|
| 001 | 25839 | ||
| 003 | IN-NITTTR | ||
| 005 | 20251114233326.0 | ||
| 008 | 251113s9999||||xx |||||||||||||| ||eng|| | ||
| 040 | _beng | ||
| 040 | _cIN-NITTTR | ||
| 041 | _aeng | ||
| 082 | _a005.133 L1O | ||
| 100 | _aLafore, Robert | ||
| 245 | 0 |
_aObject oriented programming in c ++ / _cLafore, Robert |
|
| 942 |
_2ddc _cBK |
||
| 999 |
_c28468 _d28468 |
||